000 00700nam a22002417a 4500
003 UA-OsUOA
001 107079
007 ta
008 20140703b un ||||| |||| 00| 0 ukr d
100 _aДашкієв М. О.
090 _a821.161.2
_bД21
942 _cBK
040 _aUA-OsUOA
_bukr
_cUA-OsUOA
_dUA-OsUOA
245 _aСтрачена пісня. З безодні минулого
_bроман; фантастична повість
300 _a501 с.
955 _a3
041 _aukr
080 _a821.161.2
020 _a5-308-01037-4
260 _aК.
_bДніпро
_c1991
650 7 _a82 Література. Літературознавство
_2UDC
999 _c393464
_d393464